000 00368nam a2200145Ia 4500
008 231129s1995||||xx |||||||||||||| ||spa||
020 _a958-04-2901-4
040 _bspa
082 _a(i) 808.068543 B617a
100 _aBirmajer Marcelo
245 0 _aEl alma al diablo
260 _c1995
264 _aNorma
942 _2ddc
_cBKS
999 _c10130
_d10130